01688cam a2200337u 450000100060000000300080000600500170001400800390003103500190007004000330008904100080012208200160013010000440014624500640019026001640025430000200041850000400043850000320047850001370051050401080064760000450075560000760080083000340087670000600091070000320097083000430100294200120104599900170105795201390107495201370121318717BD-RjUL20211209000326.0140222r19591912cau b 000 0 eng a(BD-RjUL)18775 aDLCcCarPdDLCdBD-RjULbeng aeng a822.33bMAC1 aFoakes, R. A. [from old catalog]95765810aMacbeth :bSound recording /cR. A. Foakes and Kenneth Muir aSanta Monica, Calif. ;bBFA Educational Media;a[sole distributor in the United States and Canada: Holt Information Systems :aNew York,c1912 [reprinted 1959] a210 p. ;c22cm. aApproach to Shakespeare series, S3. aSussex tapes international. aDiscussion, followed by "readings of key scenes and extracts from the play, in rehearsal conditions" directed by John Russell Brown. aBooklet containing notes on the discussion, study questions, and bibliography (6 p.) laid in container.10aShakespeare, William,d1564-1616.95767100aMacbeth,cKing of Scotland,dactive 11th centuryxIn literature.957672 0vS3. [from old catalog]9576731 aMuir, Kenneth, [from old catalog]ejoint author.9576621 aBrown, John Russell.954621 0aApproach to Shakespeare series,957674 2ddccBK c18717d18717 00102ddc40718FICaRUCLbRUCLcReadingd1962-12-10eZeitlingerg18.00l0o822.33 MAC 1959r2014-02-22 00:00:00tC-1w2014-02-22yBK 00102ddc40708FICaRUCLbRUCLcStackd1964-04-13eZeitlingerg21.00l0o822.33 MAC 1959r2014-02-22 00:00:00tC-4w2014-02-22yBK